Mario Character Anagrams #1 - Statistics

General Stats
  • This quiz has been taken 57 times
  • The average score is 12 of 15
Answer Stats
Anagram Answer % Correct
Lgiiu Luigi
98%
Oamir Mario
98%
Syioh Yoshi
96%
Oatd Toad
93%
Wbsroe Bowser
89%
Iddyd Ogkn Diddy Kong
89%
Koyden Nkgo Donkey Kong
87%
Hys Ugy Shy Guy
87%
Adysi Daisy
80%
Ehape Peach
78%
Ryd Oesbn Dry Bones
67%
Omogab Goomba
64%
Ordib Birdo
58%
Pokao Prtoao Koopa Troopa
44%
Kultai Lakitu
40%
No matching quizzes found
Score Distribution
Percent of People with Each Score
Percentile by Number Answered
Your Score History
You have not taken this quiz